banner-ar

ما فوق مبدأ اللذه? / (Record no. 47154)

MARC details
000 -الفاتح
حقل البيانات ثابتة الطول 00533nam a2200169Ia 4500
008 - عناصر البيانات ثابتة الطول - معلومات عامة
حقل البيانات ثابتة الطول 140319s9999 xx 000 0 ara d
040 ## - مصدر الفهرسة
وكالة الفهرسة الأصلية GCL /
وكالة النسخ GCL
082 04 - رقم تصنيف ديوى العشرى
رقم التصنيف 150.1952
رقم المادة ف م
100 1# - المدخل الرئيسى - إسم شخصى
الإسم الشخصى فرويد ، سيجموند
245 10 - بيان العنوان
العنوان ما فوق مبدأ اللذه? /
بيان المسئوليه,etc فرويد ، سيجموند
700 1# - المدخل الاضافى - اسم شخصى
الإسم الشخصى اسحق رمزى
490 ## - بيان السلسلة
عنوان السلسلة مكتبة التحليل النفسى والعلاج النفسى
رقم المجلد/ التعيين التسلسلي 0
650 04 - المدخل الاضافى بالموضوع-مصطلح موضوعى
مصطلح موضوعي علم النفس
650 04 - المدخل الاضافى بالموضوع-مصطلح موضوعى
مصطلح موضوعي التحليل النفسى
942 ## - عناصر المدخل الإضافي( كوها)
مصدر التصنيف او مخطط الترفيف Dewey Decimal Classification
Koha [default] item type كتاب
Holdings
حالة التراجع حالة الفقد حالة تلف ليس للاعارة المكان المؤقت الموقع الحالى تاريخ الاكتساب اجمالي اﻻعارات رقم الطلب الباركود تاريخ اخر مشاهدة تاريخ تفعيل السعر نوع وعاء كوها
        مكتبة القاهرة الكبرى مكتبة القاهرة الكبرى 03/26/2014   150.1952\ف م 114257 03/26/2014 03/26/2014 كتاب

Powered By

EGPV